Normal view
MARC view
- Louise H. Kidder, Charles M. Judd
Entry Personal Name
001 - CONTROL NUMBER
- control field: 20561
003 - CONTROL NUMBER IDENTIFIER
- control field: NUST
005 - DATE AND TIME OF LATEST TRANSACTION
- control field: 20190913055342.0
008 - FIXED-LENGTH DATA ELEMENTS
- fixed length control field: 190913|| aca||aabn | a|a d
040 ## - CATALOGING SOURCE
- Original cataloging agency: NUST
- Transcribing agency: NUST
100 ## - HEADING--PERSONAL NAME
- Personal name: Louise H. Kidder, Charles M. Judd
670 ## - SOURCE DATA FOUND
- Source citation: Work cat.: (NUST): Louise H. Kidder, Charles M. Judd, Research Methods in social Relations ( Fifth Edition)
